Measurement of joint motion : (رقم التسجيلة. 38462)
[ عرض عادي ]
| 000 -الفاتح | |
|---|---|
| حقل البيانات ثابتة الطول | 01861cam a22003974a 4500 |
| 001 - رقم الضبط | |
| رقم الضبط | 15420524 |
| 003 - محدد رقم الضبط | |
| رقم الضبط | OSt |
| 005 - وقت وتاريخ اخر تعامل مع التسجيلة | |
| رقم الضبط | 20180818174530.0 |
| 008 - عناصر البيانات ثابتة الطول - معلومات عامة | |
| حقل البيانات ثابتة الطول | 080819s2009 pauak b 001 0 eng |
| 010 ## - رقم ضبط مكتبة الكونجرس | |
| رقم ضبط مكتبة الكونجرس | 2008036707 |
| 016 7# - رقم ضبط الوكاله الوطنية للضبط الببليوجرافي | |
| رقم ضبط التسجيلة | 101481903 |
| المصدر | DNLM |
| 020 ## - الرقم الدولى المعيارى للكتب | |
| الرقم الدولى المعيارى للكتاب | 9780803620667 (spiralbound) |
| 020 ## - الرقم الدولى المعيارى للكتب | |
| الرقم الدولى المعيارى للكتاب | 9780803645660 |
| 020 ## - الرقم الدولى المعيارى للكتب | |
| الرقم الدولى المعيارى للكتاب | 0803620667 (spiralbound) |
| 035 ## - رقم ضبط النظام | |
| رقم ضبط النظام | (OCoLC)ocn244265662 |
| 040 ## - مصدر الفهرسة | |
| وكالة الفهرسة الأصلية | DNLM/DLC |
| وكالة النسخ | DLC |
| وكالة التعديل | YDX |
| -- | NLM |
| -- | YDXCP |
| -- | TSU |
| -- | DLC |
| 042 ## - رمز التحقق | |
| رمز التحقق | pcc |
| 050 00 - رقم طلب مكتبة الكونجرس | |
| رقم التصنيف | RD734 |
| رقم المادة | .N67 2009 |
| 060 10 - رقم الطلب بالمكتبة الطبية الوطنية | |
| رقم التصنيف | WE 300 |
| رقم المادة | N841m 2009 |
| 082 00 - رقم تصنيف ديوى العشرى | |
| رقم التصنيف | 612.75 |
| رقم الطبعة | 22 |
| رقم المادة | NCM |
| 100 1# - المدخل الرئيسى - إسم شخصى | |
| الإسم الشخصى | Norkin, Cynthia C. |
| 9 (RLIN) | 20075 |
| 245 10 - بيان العنوان | |
| العنوان | Measurement of joint motion : |
| بقية العنوان | a guide to goniometry / |
| بيان المسئوليه,etc | Cynthia C. Norkin, D. Joyce White ; photographs by Jocelyn Greene Molleur and Lucia Grochowska Littlefield ; illustrations by Timothy Wayne Malone ; technical advisor, George Kalem, III. |
| 250 ## - بيان الطبعة | |
| بيان الطبعة | 4th ed. |
| 260 ## - PUBLICATION, DISTRIBUTION, ETC. (IMPRINT) | |
| مكان الناشر او الموزع | Philadelphia : |
| اسم الناشر او الموزع | F.A. Davis, |
| تاريخ النشر أو التوزيع | c2009. |
| 300 ## - الوصف المادى | |
| التعداد | xiii, 450 p. ; |
| تفاصيل ماديه اخرى للوعاء | ill., forms ; |
| أبعاد الوعاء | 28 cm. + |
| المادة المصاحبة | 1 CD-ROM (4 3/4 in.) |
| 504 ## - تبصرة ببليوجرافية | |
| تبصرة ببليوجرافية,الخ | Includes bibliographical references and index. |
| 505 0# - تبصرة محتويات-الفهرس | |
| تبصرة المحتويات المصاغة | Basic concepts -- Procedures -- Validity and reliability -- The shoulder -- The elbow and forearm -- The wrist -- The hand -- The hip -- The knee -- The ankle and foot -- The cervical spine -- The thoracic and lumbar spine -- The temporomandibular joint. |
| 650 #0 - المدخل الاضافى بالموضوع-مصطلح موضوعى | |
| مصطلح موضوعي أو اسم جغرافي كعنصر مدخل | Joints |
| التقسيم الفرعي العام | Range of motion |
| -- | Measurement. |
| 9 (RLIN) | 52356 |
| 650 12 - المدخل الاضافى بالموضوع-مصطلح موضوعى | |
| مصطلح موضوعي أو اسم جغرافي كعنصر مدخل | Arthrometry, Articular |
| التقسيم الفرعي العام | methods. |
| 9 (RLIN) | 52357 |
| 650 22 - المدخل الاضافى بالموضوع-مصطلح موضوعى | |
| مصطلح موضوعي أو اسم جغرافي كعنصر مدخل | Joint Diseases |
| التقسيم الفرعي العام | diagnosis. |
| 9 (RLIN) | 52358 |
| 650 22 - المدخل الاضافى بالموضوع-مصطلح موضوعى | |
| مصطلح موضوعي أو اسم جغرافي كعنصر مدخل | Joints |
| التقسيم الفرعي العام | physiology. |
| 9 (RLIN) | 20073 |
| 700 1# - المدخل الاضافى - اسم شخصى | |
| الإسم الشخصى | White, D. Joyce. |
| 9 (RLIN) | 52359 |
| 906 ## - عنصر بيانات محلى F, LDF (RLIN) | |
| a | 7 |
| b | cbc |
| c | orignew |
| d | 1 |
| e | ecip |
| f | 20 |
| g | y-gencatlg |
| 942 ## - عناصر المدخل الإضافي( كوها) | |
| مصدر التصنيف او مخطط الترفيف | Dewey Decimal Classification |
| Koha [default] item type | كتاب |
| حالة الفقد | نموذج السعر الفعال | حالة تلف | ليس للاعارة | رقم الطلب | تاريخ الاكتساب | الموقع الحالي | الباركود | الفرع الرئيسي | Date last checked out | Date last seen | نوع المادة فى نظام كوها | مصدر التصنيف او خطة الترفيف | Total Checkouts | مُعار |
|---|---|---|---|---|---|---|---|---|---|---|---|---|---|---|
| 2015-10-13 | 612.75 NCM | 2015-10-13 | المكتبة المركزية بالمجمعة (CL) | 00654304 | المكتبة المركزية بالمجمعة (CL) | 2021-02-03 | 2021-04-28 | كتاب | Dewey Decimal Classification | 1 | ||||
| 2015-10-13 | 612.75 NCM | 2015-10-13 | المكتبة المركزية بالمجمعة (CL) | 00654305 | المكتبة المركزية بالمجمعة (CL) | 2020-02-02 | 2024-07-07 | كتاب | Dewey Decimal Classification | 2 | ||||
| 2015-10-13 | 612.75 NCM | 2015-10-13 | المكتبة المركزية بالمجمعة (CL) | 00654306 | المكتبة المركزية بالمجمعة (CL) | 2019-01-16 | 2019-01-16 | كتاب | Dewey Decimal Classification | 2 | 2019-02-15 | |||
| 2015-10-15 | 612.75 NCM | 2015-10-15 | مكتبة كلية العلوم الطبية التطبيقية بالمجمعة - طالبات (AMF) | 00654417 | مكتبة كلية العلوم الطبية التطبيقية بالمجمعة - طالبات (AMF) | 2016-02-02 | 2016-02-02 | كتاب | Dewey Decimal Classification | 1 | 2016-03-03 | |||
| 2015-10-15 | 612.75 NCM | 2015-10-15 | مكتبة كلية العلوم الطبية التطبيقية بالمجمعة - طالبات (AMF) | 00654418 | مكتبة كلية العلوم الطبية التطبيقية بالمجمعة - طالبات (AMF) | 2016-02-02 | 2016-02-02 | كتاب | Dewey Decimal Classification | 1 | 2016-03-03 | |||
| 2022-01-12 | 612.75 NCM | 2022-01-12 | مكتبة كلية العلوم الطبية التطبيقية بالمجمعة - طالبات (AMF) | 00503838 | مكتبة كلية العلوم الطبية التطبيقية بالمجمعة - طالبات (AMF) | 2022-01-12 | كتاب | Dewey Decimal Classification | ||||||
| 2022-01-12 | 612.75 NCM | 2022-01-12 | مكتبة كلية العلوم الطبية التطبيقية بالمجمعة - طالبات (AMF) | 00503839 | مكتبة كلية العلوم الطبية التطبيقية بالمجمعة - طالبات (AMF) | 2022-01-12 | كتاب | Dewey Decimal Classification | ||||||
| 2018-08-18 | 612.75 NCM | 2018-08-18 | مكتبة مجمع الكليات بالزلفى - طلاب (SZM) | 00657372 | مكتبة مجمع الكليات بالزلفى - طلاب (SZM) | 2018-08-18 | كتاب | Dewey Decimal Classification | ||||||
| 2018-08-18 | 612.75 NCM | 2018-08-18 | مكتبة مجمع الكليات بالزلفى - طلاب (SZM) | 00657373 | مكتبة مجمع الكليات بالزلفى - طلاب (SZM) | 2018-08-18 | كتاب | Dewey Decimal Classification |
